[Event "Pan-Am Intercollegiate 2012"]
[Site "Princeton USA"]
[Date "2012.12.29"]
[Round "4"]
[White "Low,Sc"]
[Black "Bachmann,Ax"]
[Result "0-1"]
[WhiteElo "2187"]
[BlackElo "2524"]

1.e4 c5 2.Nf3 e6 3.d4 cxd4 4.Nxd4 a6 5.Nc3 Qc7 6.a3 b5 7.Bd3 Bb7 8.O-O Nf6
9.Qe2 d6 10.f4 Nbd7 11.Kh1 Be7 12.Bd2 O-O 13.Rae1 Nc5 14.b4 Nxd3 15.cxd3 Rac8
16.Rc1 Qd7 17.Be3 g6 18.Nf3 Ra8 19.Rc2 Rfc8 20.Rfc1 Nh5 21.Qf2 f5 22.exf5 gxf5
23.Ne2 Rxc2 24.Rxc2 Rc8 25.Ned4 Bf6 26.Rxc8+ Qxc8 27.Qe2 Bd5 28.Bd2 Qd7 29.Qe3 h6
30.Kg1 Kf7 31.Ne2 Qc8 32.Nfd4 Bg7 33.Bc3 Bb7 34.Bb2 Nf6 35.Qg3 Qg8 36.Qe3 Qc8
37.Qg3 Bh8 38.Kf1 Nd5 39.Qh3 Kg6 40.Qg3+ Kh7 41.Qf2 Bf6 42.Ke1 Kg6 43.Qg3+ Kf7
44.Qf2 Ke7 45.Kd2 Qa8 46.g3 a5 47.bxa5 Qxa5+ 48.Kc1 b4 49.Nc2 Bxb2+ 50.Kxb2 bxa3+
51.Ka1 Qd2 52.Nxa3 Nb4 53.Qd4 Qa2+  0-1

[Event "XLII Rilton Cup"]
[Site "Stockholm SWE"]
[Date "2012.12.29"]
[Round "3.27"]
[White "Mikalsen,E"]
[Black "Lissang,C"]
[Result "1/2-1/2"]
[WhiteElo "2074"]
[BlackElo "2257"]

1.e4 c5 2.Nf3 e6 3.d4 cxd4 4.Nxd4 a6 5.Nc3 Qc7 6.Be2 Bb4 7.O-O Nf6 8.Qd3 Nc6
9.Nxc6 bxc6 10.Bg5 Be7 11.f4 d6 12.Rad1 e5 13.Qg3 h6 14.fxe5 hxg5 15.exf6 gxf6
16.Bc4 Qa5 17.Bb3 Be6 18.Ne2 Qe5 19.Nd4 Qxg3 20.hxg3 Bd7 21.Nf5 Bxf5 22.Rxf5 a5
23.Ba4 Kd7 24.c4 Kc7  1/2-1/2

[Event "36th Zurich Christmas Open"]
[Site "Zuerich SUI"]
[Date "2012.12.29"]
[Round "5.28"]
[White "Milosevic,Go"]
[Black "Frischmann,Rick"]
[Result "1-0"]
[WhiteElo "2328"]
[BlackElo "2183"]

1.e4 c5 2.Nc3 e6 3.Nf3 a6 4.d4 cxd4 5.Nxd4 Qc7 6.g3 b5 7.Bg2 Bb7 8.O-O Nf6
9.Re1 d6 10.a4 bxa4 11.Nd5 exd5 12.exd5+ Kd8 13.Bg5 Nd7 14.Nc6+ Bxc6 15.dxc6 Nc5
16.Be3 Kc8 17.Qe2 d5 18.c4 Qxc6 19.cxd5 Qb5 20.Qc2 Bd6 21.Rec1 Nd7 22.Rxa4 Kd8
23.Rc4 a5 24.Qf5 Rf8 25.Qg5+ f6 26.Qxg7 Nd3 27.R1c3 Nxb2 28.Rc6 Bb4 29.d6 Bxc3
30.Qe7+  1-0

[Event "2nd Erfurter WGM"]
[Site "Erfurt GER"]
[Date "2012.12.30"]
[Round "9.1"]
[White "Osmanodja,F"]
[Black "Havlikova,K"]
[Result "1-0"]
[WhiteElo "2199"]
[BlackElo "2310"]

1.e4 c5 2.Nf3 e6 3.d4 cxd4 4.Nxd4 a6 5.Nc3 Qc7 6.Bd3 b5 7.O-O Bb7 8.Re1 d6
9.Bd2 Ne7 10.a4 bxa4 11.Rxa4 Nbc6 12.Nxc6 Nxc6 13.Qe2 Be7 14.Bxa6 Bxa6 15.Rxa6 Rxa6
16.Qxa6 O-O 17.Nb5 Qd7 18.Bc3 Rb8 19.Rd1 d5 20.exd5 exd5 21.Nd4 Nxd4 22.Bxd4 Qg4
23.Qd3 Qg6 24.Qxg6 fxg6 25.Kf1 Bf6 26.b3 Rc8 27.Bxf6 gxf6 28.Rd2 Kf7 29.Ke2 Rc3
30.Rxd5 Rxc2+ 31.Rd2 Rc1 32.Rb2 Ke6 33.Kd3 Kd6 34.b4 Rd1+ 35.Kc4 Kc6 36.b5+ Kb6
37.h3 Re1 38.Kd5 Re5+ 39.Kd6 h5 40.g3 g5 41.Rb3 Rf5 42.f3 Re5 43.h4 gxh4
44.gxh4 Rf5 45.Ke6 Rf4 46.Kf7 Rxh4 47.Kxf6 Rh1 48.Kg5 Rh3 49.Kf4 Rh1 50.Kg5 Rh3
51.Kf4 Rh1 52.Kg3 Rg1+ 53.Kh4 Rh1+ 54.Kg3 Rg1+ 55.Kh2 Rg7 56.Kh3 Rg1 57.f4 Rf1
58.Kg3 Rg1+ 59.Kh3 Rf1 60.Rb4 Rf3+ 61.Kg2 Rc3 62.f5 Rc5 63.Rf4 Kxb5 64.f6 Rc8
65.f7 Rf8 66.Kh3 Kc6 67.Kh4 Kd6 68.Kxh5  1-0

[Event "Groningen Open A"]
[Site "Groningen NED"]
[Date "2012.12.30"]
[Round "9.5"]
[White "Bok,B"]
[Black "Drozdowski,K"]
[Result "1/2-1/2"]
[WhiteElo "2522"]
[BlackElo "2426"]

1.e4 c5 2.Nf3 e6 3.d4 cxd4 4.Nxd4 a6 5.Nc3 b5 6.Bd3 Bb7 7.O-O Nc6 8.Nxc6 Bxc6
9.Re1 Bc5 10.Qh5 d6 11.e5 d5 12.Qg4 g6 13.Ne2 Qb6 14.Qf4 b4 15.a3 bxa3 16.b3 Qb4
17.Qxb4 Bxb4 18.c3 Bc5 19.Bxa3 Bb6 20.Nd4 Bb7 21.Bd6 Ne7 22.Ra4 Bxd4 23.cxd4 Nc6
24.Bc5 Kd7 25.b4 Rhc8 26.f4 Na7 27.Bxa6 Bxa6 28.Rxa6 Nc6 29.Rea1 Rxa6 30.Rxa6 Rb8
31.Ra4 Rb7 32.g4 Nb8 33.Kf2 Kc6 34.Bd6 Kb5 35.Ra5+ Kc4 36.Ke3 Nd7 37.Ra1 Nb6
38.Bc5 Kc3 39.Ra3+ Kb2 40.Ra6 Nc4+ 41.Kd3 Kb3 42.Ra8 Nb2+ 43.Ke3 Nd1+ 44.Kf3 Nc3
45.f5 gxf5 46.gxf5 exf5 47.Kf4 Kc4 48.Kxf5 Ne2 49.Rh8 Nxd4+ 50.Bxd4 Kxd4
51.Rxh7 Re7 52.Rh4+ Kc3 53.Rh8 Kd4 54.Rh4+ Kc3 55.Rh8 Kd4  1/2-1/2

[Event "XXIII Krakow Open"]
[Site "Krakow POL"]
[Date "2012.12.30"]
[Round "5.28"]
[White "Andrenko,I"]
[Black "Wee Chu En,K"]
[Result "1/2-1/2"]
[WhiteElo "2220"]
[BlackElo "2048"]

1.e4 c5 2.Nf3 e6 3.d4 cxd4 4.Nxd4 a6 5.Nc3 Qc7 6.g3 Bb4 7.Bd2 Nf6 8.Bg2 Nc6
9.Nb3 Be7 10.a4 b6 11.O-O Bb7 12.f4 d6 13.Qe2 O-O 14.g4 Rfe8 15.g5 Nd7 16.Rf3 Bf8
17.Be3 Rab8 18.Rh3 g6 19.Rd1 Na5 20.Nxa5 bxa5 21.Bf2 Ba8 22.b3 Rb4 23.Na2 Rbb8
24.Nc3 Rb4 25.Na2 Rbb8 26.Nc3  1/2-1/2

[Event "ALG-TUR Women 2012"]
[Site "Algiers ALG"]
[Date "2012.12.31"]
[Round "8.4"]
[White "Yahiaoui,Asma"]
[Black "Arig,B"]
[Result "0-1"]
[WhiteElo "1571"]
[BlackElo "1861"]

1.e4 c5 2.Nf3 e6 3.d4 cxd4 4.Nxd4 a6 5.Nc3 Qc7 6.Be3 Nf6 7.Be2 b5 8.a3 Bb7
9.f3 Bd6 10.Qd2 Be7 11.Bd3 d5 12.exd5 Nxd5 13.Nxd5 Bxd5 14.O-O O-O 15.f4 Bf6
16.c3 Nd7 17.Rac1 Nc5 18.Bc2 Rfd8 19.Qf2 Ne4 20.Bxe4 Bxe4 21.Nf3 Rd7 22.Nd2 Bb7
23.f5 exf5 24.Qxf5 Rad8 25.Nf3 Rd5 26.Qc2 Re8 27.Bd4 Bxd4+ 28.cxd4 Qxc2 29.Rxc2 Rd7
30.Ne5 Rde7 31.Rcf2 f6 32.Nd3 Bd5 33.Nc5 Bc4 34.Nxa6 Bxf1 35.Kxf1 Re1+  0-1

[Event "25th Staufer Open"]
[Site "Schwaebisch Gmuend GER"]
[Date "2013.01.03"]
[Round "4.16"]
[White "Sancar,K"]
[Black "Weiss,And"]
[Result "1-0"]
[WhiteElo "2075"]
[BlackElo "2197"]

1.e4 c5 2.Nf3 e6 3.d4 cxd4 4.Nxd4 a6 5.Nc3 Qc7 6.Be2 Nf6 7.a3 b6 8.f4 Bb7
9.Bf3 d6 10.O-O Nc6 11.Be3 Be7 12.Nb3 O-O 13.Qe2 Rac8 14.Rad1 b5 15.Qf2 Nd7
16.Kh1 Na5 17.Nxa5 Qxa5 18.e5 Bxf3 19.Qxf3 d5 20.Qg3 Qc7 21.Bd4 f5 22.exf6 Bxf6
23.Qh3 Qc6 24.Ne2 Rce8 25.c3 Nc5 26.Ng3 Bxd4 27.cxd4 Nb7 28.Nh5 Nd6 29.Qg4 g6
30.Ng3 Qc2 31.b4 Nf5 32.Nxf5 exf5 33.Qf3 Re4 34.h4 Qb2 35.Rf2 Qxd4 36.Rxd4 Rxd4
37.h5 Re8 38.Re2 Ree4 39.g3 Rxe2 40.Qxe2 Re4 41.Qd2 Rd4 42.Qb2 Rd1+ 43.Kg2 d4
44.h6 Kf7 45.Qb3+ Ke7 46.Qxd1  1-0

[Event "16th Bad Zwesten Open"]
[Site "Bad Zwesten GER"]
[Date "2013.01.04"]
[Round "4.4"]
[White "Sarkoezy,B"]
[Black "Braun,I"]
[Result "1-0"]
[WhiteElo "2108"]
[BlackElo "1972"]

1.e4 c5 2.Nf3 e6 3.d4 cxd4 4.Nxd4 a6 5.Nc3 Qc7 6.Bd3 Nf6 7.O-O Bc5 8.Nb3 Be7
9.Qe2 d6 10.f4 Nbd7 11.Kh1 b5 12.Bd2 Bb7 13.Rfc1 Nc5 14.Nxc5 dxc5 15.e5 Nd5
16.Nxd5 Bxd5 17.c4 bxc4 18.Bxc4 Qb7 19.Be3 O-O 20.Rc3 Rfd8 21.Rac1 h6 22.Bg1 a5
23.Rg3 Be4 24.Qg4 g6 25.Qe2 Rab8 26.b3 Bf5 27.Rgc3 Rd7 28.Bd3 Bxd3 29.Rxd3 Rxd3
30.Qxd3 Rd8 31.Qe2 Qb4 32.Rc4 Qb5 33.h4 Bxh4 34.Bxc5 Qd7 35.Bd6 Rc8 36.f5 Bd8
37.fxg6 fxg6 38.Qc2 Rxc4 39.Qxg6+ Qg7 40.Qxg7+ Kxg7 41.bxc4 Kf7 42.c5 Ke8
43.c6 Bg5 44.g4 Kd8 45.Kg2 Kc8 46.Kf3 Kd8 47.Ke2 Kc8 48.Kd3 Kd8 49.Kc4 Kc8
50.Kb5 Bd2 51.Bf8 Kc7 52.a4 Bf4 53.Bd6+ Kc8 54.Kxa5  1-0

[Event "88th Hastings Masters"]
[Site "Hastings ENG"]
[Date "2013.01.04"]
[Round "8.13"]
[White "Melekhina,A"]
[Black "Kulaots,K"]
[Result "0-1"]
[WhiteElo "2221"]
[BlackElo "2581"]

1.e4 c5 2.Nf3 e6 3.Nc3 a6 4.d4 cxd4 5.Nxd4 Qc7 6.Bd3 Nf6 7.O-O d6 8.Qe2 g6
9.a4 Bg7 10.a5 O-O 11.Be3 Nbd7 12.Nb3 Re8 13.f4 Kh8 14.g4 Ng8 15.Rf3 Ne7
16.Qf2 Nc6 17.Rh3 Kg8 18.Qh4 Nf8 19.f5 Qd8 20.fxg6 fxg6 21.Bg5 Qc7 22.Rf1 Ne5
23.Kh1 Nf7 24.Bf6 Bxf6 25.Rxf6 Ne5 26.Nd4 Qg7 27.Nde2 g5 28.Qh5 Qxf6 29.Qxe8 Nxg4
30.Nd1 Ne5 31.Kg2 Kg7 32.Ne3 Nfg6 33.Nc4 Nxc4 34.Bxc4 d5 35.Bd3 e5 36.Kg3 g4  0-1

[Event "25th Staufer Open"]
[Site "Schwaebisch Gmuend GER"]
[Date "2013.01.04"]
[Round "6.8"]
[White "Geske,J"]
[Black "Hahn,Markus"]
[Result "1-0"]
[WhiteElo "2390"]
[BlackElo "2211"]

1.e4 c5 2.Nf3 e6 3.d4 cxd4 4.Nxd4 a6 5.Nc3 Qc7 6.g3 Bb4 7.Bd2 Nf6 8.Bg2 Nc6
9.Nb3 Be7 10.O-O d6 11.g4 b5 12.Qe2 Bb7 13.g5 Nd7 14.f4 O-O-O 15.a4 b4 16.Na2 h6
17.g6 fxg6 18.c3 bxc3 19.Be3 g5 20.f5 exf5 21.Nxc3 Nb4 22.Rac1 Nc5 23.Qc4 Nbd3
24.Nxc5 dxc5 25.Nd5 Rxd5 26.exd5 Nxc1 27.Rxc1 f4 28.Bf2 a5 29.Qb5 Kb8 30.d6 Bxd6
31.Bxc5 Bxc5+ 32.Rxc5 Qe7 33.Bxb7 Qxb7 34.Qxa5 Qa7 35.Qb4+ Ka8 36.Qe4+ Kb8
37.Qe5+ Ka8 38.Qd5+ Kb8 39.Qd6+ Ka8 40.Qc6+ Kb8 41.Kf1  1-0

[Event "16th Bad Zwesten Open"]
[Site "Bad Zwesten GER"]
[Date "2013.01.05"]
[Round "7.7"]
[White "Beerdsen,Thomas"]
[Black "Braun,I"]
[Result "0-1"]
[WhiteElo "2084"]
[BlackElo "1972"]

1.e4 c5 2.Nf3 e6 3.d4 cxd4 4.Nxd4 a6 5.Nc3 Qc7 6.Be3 Nf6 7.Bd3 Bc5 8.O-O d6
9.Kh1 Nbd7 10.f4 b5 11.Qf3 Bb7 12.Rae1 Rc8 13.Qg3 O-O 14.Bg1 Qb6 15.Nf3 Bxg1
16.Rxg1 b4 17.Nb1 Nc5 18.Nbd2 d5 19.exd5 exd5 20.Bf5 Rc7 21.Ng5 h6 22.Qh4 Bc8
23.Bxc8 Rfxc8 24.Re3 Nce4 25.Ngxe4 Qxe3 26.Nxf6+ gxf6 27.Nf1 Qe4 28.Ng3 Qg6
29.Nh5 Rxc2 30.Nxf6+ Kh8 31.Nxd5 Rxg2 32.Re1 Rg8 33.Qf6+ Qxf6 34.Nxf6 Rxb2
35.Nxg8 Kxg8 36.Rc1 a5 37.a3 b3 38.a4 Rc2  0-1

[Event "18th Bosnjaci Open"]
[Site "Bosnjaci CRO"]
[Date "2013.01.05"]
[Round "4.3"]
[White "Fercec,N"]
[Black "Djingarova,E"]
[Result "1-0"]
[WhiteElo "2493"]
[BlackElo "2270"]

1.e4 c5 2.Nf3 e6 3.d4 cxd4 4.Nxd4 a6 5.Nc3 Qc7 6.Bd3 Nf6 7.Qe2 d6 8.f4 Nbd7
9.Nf3 b5 10.Bd2 Be7 11.e5 b4 12.exf6 bxc3 13.fxe7 cxd2+ 14.Qxd2 Nc5 15.O-O-O Qxe7
16.Ng5 h6 17.Ne4 Nxd3+ 18.Qxd3 d5 19.Nd2 O-O 20.Nf3 a5 21.Nd4 Ba6 22.Qe3 Qb4
23.c3 Qa4 24.Kb1 Rab8 25.Rd2 Bc4 26.b3 Qa3 27.Rb2 Ba6 28.g4 Qd6 29.a4 Rfc8
30.Ka2 Rb7 31.Rg1 Qc5 32.Rg3 Rcb8 33.g5 hxg5 34.Rxg5 Qd6 35.Qh3 Qxf4 36.Qh6 Kf8
37.Qxg7+ Ke8 38.Qh6 Qe4 39.Qf6 Bd3 40.Rg8+ Kd7 41.Rxb8 Rxb8 42.Qxf7+ Kd6
43.Qa7 Rc8 44.Qb6+ Kd7 45.Rf2 Qg6 46.Qxa5 Qg1 47.Qa7+ Kd6 48.Qb6+  1-0

[Event "11th Parsvnath Open"]
[Site "New Delhi IND"]
[Date "2013.01.05"]
[Round "1.10"]
[White "Sahoo,U"]
[Black "Kunte,A"]
[Result "0-1"]
[WhiteElo "2276"]
[BlackElo "2510"]

1.e4 c5 2.Nf3 e6 3.d4 cxd4 4.Nxd4 a6 5.Nc3 Qc7 6.g3 Nf6 7.Bg2 d6 8.O-O Be7
9.f4 Nc6 10.Kh1 Bd7 11.Be3 O-O 12.a4 Nxd4 13.Qxd4 Bc6 14.Rad1 Rac8 15.Bf3 Rfe8
16.Rd2 Nd7 17.Qd3 Bf8 18.b3 Nf6 19.Bd4 e5 20.Be3 exf4 21.Bxf4 Qa5 22.Qd4 Re6
23.b4 Qc7 24.Bg5 Be7 25.Bf4 Nd7 26.Nd5 Bxd5 27.exd5 Rf6 28.Re2 Ne5 29.Bxe5 dxe5
30.Qxe5 Qxe5 31.Rxe5 Bxb4 32.Re2 Kf8 33.Kg2 Rc3 34.Bg4 Rxf1 35.Kxf1 g6 36.Kg2 Bd6
37.Bf3 Rc4 38.a5 Rc5 39.c4 Rxa5 40.Rb2 b5 41.cxb5 axb5 42.Be2 b4 43.Bc4 Ra3
44.Bb3 Be5 45.Rb1 Ke7 46.Kf3 Kd6 47.Ke4 f5+ 48.Kd3 Kc5 49.Kc2 Ra1 50.Rxa1 Bxa1
51.d6 Kxd6 52.Bg8 Ke7 53.Kd3 Kf6 54.Ke3 Be5 55.Kf3 Bd6 56.h3 h6 57.g4 Kg5
58.gxf5 gxf5 59.Bb3 Kf6 60.Bc2 Ke5 61.Ke3 Bc5+ 62.Ke2 f4 63.Bh7 Kd4 64.Bg8 Kc3
65.Be6 b3 66.Bf5 Kb2 67.Kd1 Ka1  0-1

[Event "VII Magistral da Hebraica"]
[Site "Sao Paulo BRA"]
[Date "2013.01.05"]
[Round "1.5"]
[White "Blit,J"]
[Black "Terao,R"]
[Result "1/2-1/2"]
[WhiteElo "2324"]
[BlackElo "2407"]

1.e4 c5 2.Nc3 e6 3.Nf3 a6 4.d4 cxd4 5.Nxd4 Qc7 6.Bd3 Nf6 7.f4 d6 8.g4 b5
9.a3 Be7 10.g5 Nfd7 11.Be3 Bb7 12.f5 e5 13.Nde2 Nb6 14.Ng3 g6 15.Nd5 Nxd5
16.exd5 Bxd5 17.Bxb5+ Bc6 18.Bxc6+ Qxc6 19.f6 Bd8 20.Qd3 Ba5+ 21.c3 Bb6 22.Bxb6 Qxb6
23.O-O-O O-O 24.Qe4 Nd7 25.Rhe1 Rab8 26.Re2 Rfc8 27.Nf1 Nc5 28.Qh4 Ne6 29.Qh6 Qb5
30.Ng3 Qa4 31.Ne4 Rc4 32.Rxd6 Rc7 33.Red2 Re8 34.Nc5 Rxc5 35.Rxe6 Rxc3+ 36.bxc3 Qxa3+
37.Kd1 Qa4+ 38.Kc1 Qa1+ 39.Kc2 Qa4+  1/2-1/2

[Event "11th Parsvnath Open"]
[Site "New Delhi IND"]
[Date "2013.01.06"]
[Round "3.34"]
[White "Chaithanyaa,K"]
[Black "Abhishek,K"]
[Result "0-1"]
[WhiteElo "2061"]
[BlackElo "2265"]

1.e4 c5 2.Nf3 e6 3.d4 cxd4 4.Nxd4 a6 5.Nc3 b5 6.Bd3 Qb6 7.Nb3 Qc7 8.O-O Nc6
9.f4 d6 10.Kh1 Nf6 11.a4 b4 12.Na2 Be7 13.Bd2 Rb8 14.Qe1 d5 15.exd5 Nxd5
16.Be4 O-O 17.Nac1 Bf6 18.Nd3 Rd8 19.Rb1 a5 20.f5 Ne5 21.Nxe5 Bxe5 22.fxe6 Bxe6
23.Nc1 Nf6 24.Nd3 Nxe4 25.Qxe4 Bxh2 26.Bf4 Bxf4 27.Nxf4 Re8 28.Rbe1 Rbc8
29.Nd5 Qxc2 30.Qe5 Qc5 31.Nf4 Qxe5 32.Rxe5 h6 33.Rxa5 Rc2 34.Nxe6 Rxe6 35.Ra8+ Kh7
36.Rxf7 Rg6 37.Rb8 Rxb2 38.Rf4 Rgxg2 39.Rfxb4 Rxb4 40.Rxb4 Ra2  0-1

[Event "Australian Open 2013"]
[Site "Cammeray AUS"]
[Date "2013.01.11"]
[Round "9.45"]
[White "Encel,B"]
[Black "Bennett,Calvin"]
[Result "1-0"]
[WhiteElo "1881"]
[BlackElo "1793"]

1.e4 c5 2.Nf3 e6 3.d4 cxd4 4.Nxd4 a6 5.Nc3 b5 6.Bd3 d6 7.O-O Be7 8.a4 b4
9.Na2 a5 10.c3 bxc3 11.Nxc3 Nf6 12.Bb5+ Bd7 13.Be3 Bxb5 14.Ndxb5 Nc6 15.f4 h5
16.Qf3 Ng4 17.Rfd1 Nxe3 18.Qxe3 Qd7 19.Rac1 f6 20.Nxd6+ Bxd6 21.Nb5 e5 22.Rxd6 Qxd6
23.Nxd6+ Kd7 24.Qb6 Kxd6 25.Rxc6+ Ke7 26.Qb7+  1-0

[Event "Australian Open 2013"]
[Site "Cammeray AUS"]
[Date "2013.01.13"]
[Round "11.29"]
[White "Setiabudi,A"]
[Black "Kethro,Michael"]
[Result "1-0"]
[WhiteElo "1949"]
[BlackElo "1785"]

1.e4 c5 2.Nf3 e6 3.d4 cxd4 4.Nxd4 a6 5.Nc3 b5 6.Be2 Bb7 7.O-O b4 8.Na4 Bxe4
9.Bf3 Bc6 10.Be3 d5 11.c4 bxc3 12.bxc3 Bxa4 13.Qxa4+ Qd7 14.Qb3 Bd6 15.c4 Ne7
16.cxd5 exd5 17.Bg5 O-O 18.Bxe7 Qxe7 19.Nf5 Qe5 20.Nxd6 Qxd6 21.Bxd5 Ra7
22.Rfd1 Qf6 23.Rac1 Nd7 24.Rc6 Qe7 25.Bc4 a5 26.Rcd6 Ne5 27.Bf1 Ng6 28.Qg3 Re8
29.R6d5 Qh4 30.Qxh4 Nxh4 31.g3 Ng6 32.Rd7 Rxd7 33.Rxd7 Kf8 34.Ra7 Re5 35.a4 Rc5
36.Bb5 Ne5 37.Rxa5 Nf3+ 38.Kg2 Nd4 39.Ra8+ Ke7 40.Bd3 g6 41.a5 Kf6 42.a6 Ra5
43.Rd8 Ne6 44.Rc8 Ra3 45.Bc4 h5 46.h4 Ke7 47.Rb8 Nd8 48.Rb2 Ne6 49.Ra2 Rxa2
50.Bxa2 Nc7 51.a7 f6 52.Bd5  1-0

[Event "TCh-CZE Div1 Zapad 2012-13"]
[Site "Czech Republic CZE"]
[Date "2013.01.13"]
[Round "5.7"]
[White "Kratochvil,Ja"]
[Black "Kuba,J"]
[Result "1/2-1/2"]
[WhiteElo "2140"]
[BlackElo "2210"]

1.e4 c5 2.Nf3 e6 3.d4 cxd4 4.Nxd4 a6 5.Nc3 Qc7 6.Be3 Nf6 7.f3 Bb4 8.Qd2 d5
9.exd5 Nxd5 10.Nde2 O-O 11.a3 Nxe3 12.axb4 Nxf1 13.Kxf1 Rd8 14.Qe3 Nd7 15.Rd1 b5
16.Kf2 Bb7 17.Rd2 Nf6 18.Rxd8+ Rxd8 19.Qc5 Qxc5+ 20.bxc5 b4 21.Na4 Bc6 22.Ra1 Rd2
23.c4 bxc3 24.Nxc3 Rxb2 25.Rxa6 Bb7 26.Ra7 Kf8 27.Na4 Ra2 28.Rxb7 Rxa4 29.Rb8+ Ke7
30.Rb7+ Kf8 31.Rb8+ Ke7  1/2-1/2

[Event "TCh-CZE Div1 Vychod 2012-13"]
[Site "Czech Republic CZE"]
[Date "2013.01.13"]
[Round "5.6"]
[White "Olsar,J"]
[Black "Skoda,M"]
[Result "1-0"]
[WhiteElo "2233"]
[BlackElo "2017"]

1.e4 c5 2.Nf3 e6 3.d4 cxd4 4.Nxd4 a6 5.Nc3 Qc7 6.g3 Nf6 7.Bg2 Be7 8.O-O d6
9.Re1 O-O 10.h3 Nc6 11.Be3 Ne5 12.Nde2 b5 13.a3 Bb7 14.g4 Nc4 15.Bc1 Rfd8
16.Nf4 Rac8 17.Qe2 Nd7 18.Nd3 Bf6 19.Nd1 Nde5 20.Nxe5 Bxe5 21.c3 d5 22.exd5 Bxd5
23.Bxd5 Rxd5 24.Ne3 Rd7 25.Nxc4 Bh2+ 26.Kg2 bxc4 27.Be3 Rd3 28.Rad1 Rcd8
29.Rxd3 Rxd3 30.Rd1 Qc6+ 31.Kxh2 Qd6+ 32.Bf4 Qxf4+ 33.Kg2 Qd6 34.Rxd3 cxd3
35.Qd2 e5 36.f3 g6 37.g5 h6 38.h4 hxg5 39.hxg5 Qd7 40.Kf2 Qd8 41.b4 Qd7 42.a4 Qxa4
43.Qxd3 Kg7 44.Kg3 Qa1 45.Qe3 Kh7 46.Qxe5 Qg1+ 47.Kh3 Qh1+ 48.Kg4 Qg2+ 49.Kf4 Qh2+
50.Ke4 Qe2+ 51.Kd4 Qxf3 52.c4 Qd1+ 53.Kc5 Qd7 54.Kb6 Qa4 55.Qc3 Qd7 56.Qe5 Qa4
57.Qa5 Qb3 58.c5  1-0

[Event "TCh-FIN SM 2012-13"]
[Site "Sastamala FIN"]
[Date "2013.01.13"]
[Round "9.5"]
[White "Fieandt,J"]
[Black "Kauko,J"]
[Result "1/2-1/2"]
[WhiteElo "2159"]
[BlackElo "2268"]

1.e4 c5 2.Nf3 e6 3.d4 cxd4 4.Nxd4 a6 5.Nc3 Qc7 6.Bd3 Bc5 7.Nb3 Be7 8.Qg4 g6
9.f4 f5 10.exf5 Nf6 11.Qe2 gxf5 12.Be3 Nc6 13.a3 b5 14.O-O-O Bb7 15.Kb1 Rg8
16.Rhe1 Na5 17.g3 O-O-O 18.Nxa5 Qxa5 19.Bd2 b4 20.Na2 Nd5 21.Nxb4 Bxb4 22.Bxb4 Qb6
23.Qd2 Rde8 24.Ba5 Qc6 25.c4 Nf6 26.Re5 Ng4 27.Re2 Kb8 28.Bc3 Qb6 29.Ka1 Bf3
30.Rde1  1/2-1/2

[Event "Dvorkovich Mem 2013"]
[Site "Taganrog RUS"]
[Date "2013.01.16"]
[Round "2.5"]
[White "Petrov,Ar"]
[Black "Bocharov,D"]
[Result "1/2-1/2"]
[WhiteElo "2411"]
[BlackElo "2614"]

1.e4 c5 2.Nf3 e6 3.d4 cxd4 4.Nxd4 a6 5.Nc3 Qc7 6.Be3 b5 7.Qd2 Nf6 8.f3 Nc6
9.Nxc6 dxc6 10.Bf4 e5 11.Be3 Be6 12.a4 b4 13.Nd1 Be7 14.b3 O-O 15.Nb2 Rfd8
16.Qf2 Nd5 17.exd5 cxd5 18.Rb1 Qc6 19.Nd3 e4 20.fxe4 dxe4 21.Nc5 Bxc5 22.Bxc5 Rac8
23.Bd4 e3 24.Qxe3 Re8 25.Bb5 axb5 26.O-O Qxc2 27.Qg3 Qg6 28.Qxg6 hxg6 29.axb5 Red8
30.Bf2 Rd3 31.b6 Bxb3 32.Rfe1 f6 33.b7 Rb8 34.Re7 Bd5 35.Rxb4 Rxb7 36.Rbxb7 Bxb7
37.Rxb7 Rd1+ 38.Be1 Rxe1+ 39.Kf2 Ra1 40.h4 Kh7 41.g3 Kh6 42.Rb5 Ra3 43.Kg2 f5
44.Rc5 Kh5 45.Rb5 Ra4 46.Kf3 Rc4 47.Rb7 Kh6 48.Rb5 Rc7 49.Rb6 Rc3+ 50.Kf4 Rc4+
51.Kf3 Rg4 52.Ra6 Re4 53.Rb6 Re7 54.Kf4 Kh5 55.Rb5 Re1 56.Kf3 g5 57.Kf2 Re6
58.Rxf5  1/2-1/2

[Event "5th Chennai Open 2013"]
[Site "Chennai IND"]
[Date "2013.01.18"]
[Round "3"]
[White "Ramnath,B"]
[Black "Chaithanyaa,K"]
[Result "1-0"]
[WhiteElo "2339"]
[BlackElo "2061"]

1.e4 c5 2.Nf3 a6 3.Nc3 e6 4.d4 cxd4 5.Nxd4 Qc7 6.Be2 Nf6 7.O-O Nc6 8.Be3 Bb4
9.Na4 Be7 10.c4 Nxe4 11.c5 O-O 12.Bf3 Nf6 13.Rc1 Nxd4 14.Bxd4 e5 15.Bxe5 Qxe5
16.Re1 Qg5 17.Rxe7 d5 18.cxd6 Bg4 19.Bxg4 Nxg4 20.h3 Nf6 21.Rxb7 Rad8 22.Rc5 Qf4
23.d7 Ne4 24.Qd4 Nxc5 25.Qxf4 Nxb7 26.Qc7 Rb8 27.Nb6  1-0

[Event "e2e4 Chester Open"]
[Site "Chester ENG"]
[Date "2013.01.18"]
[Round "1"]
[White "Baterdene,Tsogbayar"]
[Black "Horton,Jamie A"]
[Result "1-0"]
[WhiteElo "1724"]
[BlackElo "2009"]

1.e4 c5 2.Nf3 e6 3.d4 cxd4 4.Nxd4 a6 5.Nc3 Qc7 6.Bd3 Nf6 7.O-O Be7 8.Be3 b5
9.a3 Bb7 10.f4 d6 11.Qf3 Nbd7 12.Rae1 Rc8 13.g4 Nc5 14.g5 Nfd7 15.Qh3 Nf8
16.f5 e5 17.f6 gxf6 18.Nf5 Rg8 19.Kh1 fxg5 20.Nh6 Rg7 21.Qh5 Bd8 22.Rxf7 Rxf7
23.Rf1 Ng6 24.Rxf7 Qxf7 25.Nxf7 Kxf7 26.Qxh7+ Kf6 27.Bxc5  1-0

[Event "TCh-AUT 2012-13"]
[Site "Graz AUT"]
[Date "2013.01.18"]
[Round "5.3"]
[White "Felsberger,A"]
[Black "Maksimenko,An"]
[Result "0-1"]
[WhiteElo "2366"]
[BlackElo "2543"]

1.e4 c5 2.Nf3 e6 3.d4 cxd4 4.Nxd4 a6 5.Nc3 Qc7 6.Be2 b5 7.O-O Bb7 8.Bf3 Nc6
9.Nxc6 dxc6 10.Be3 Nf6 11.Re1 Bd6 12.g3 O-O 13.Bb6 Qb8 14.Qd2 e5 15.Rad1 Be7
16.Qe3 Bc8 17.Bc5 Qc7 18.Bxe7 Qxe7 19.Rd2 Be6 20.Red1 Qa7 21.Qxa7 Rxa7 22.Rd6 Rc7
23.a3 g5 24.Bg2 g4 25.f4 gxf3 26.Bxf3 Rfc8 27.g4 h6 28.Kf2 Kf8 29.h3 Rd7
30.Rxd7 Nxd7 31.Ke3 Nb6 32.b3 a5 33.Be2 Ke7 34.Bd3 Rg8 35.Ne2 a4 36.b4 Nc8
37.Ng3 Nd6 38.Re1 Rc8 39.Rb1 Kf6 40.Kf3 Kg5 41.Nf5 Bxf5 42.exf5 c5 43.h4+ Kxh4
44.Rh1+ Kg5 45.Rh5+ Kf6 46.Rxh6+ Ke7 47.bxc5 Rxc5 48.Ke3 Rc3 49.Kd2 Rxa3
50.g5 e4 51.f6+ Ke6 52.Bf1 Rg3 53.Rh5 a3  0-1

[Event "5th Chennai Open 2013"]
[Site "Chennai IND"]
[Date "2013.01.19"]
[Round "7"]
[White "Prasanna,Ra"]
[Black "Prakash,G"]
[Result "1-0"]
[WhiteElo "2419"]
[BlackElo "2266"]

1.e4 c5 2.Nf3 e6 3.d4 cxd4 4.Nxd4 a6 5.Nc3 Qc7 6.Be2 b5 7.O-O Bb7 8.Re1 Nc6
9.Nxc6 dxc6 10.e5 Rd8 11.Bd3 Ne7 12.Bg5 h6 13.Qh5 Rd4 14.Be3 g6 15.Qe2 Qxe5
16.Bxd4 Qxd4 17.Rad1 Qf4 18.a4 Bg7 19.axb5 axb5 20.Be4 Qc7 21.Qd3 Be5 22.Nxb5 Bxh2+
23.Kh1 cxb5 24.Bxb7 O-O 25.Qd7 Rb8 26.Qxc7 Bxc7 27.Rd7 Rxb7 28.Rxe7 Kf8 29.Rd7 Ke8
30.Red1 h5 31.g3 Ra7 32.Kg2 Rb7 33.c3 Ra7 34.b3 g5 35.c4 bxc4 36.bxc4 Bb6
37.Rxa7 Bxa7 38.Rh1 g4 39.Rxh5 f5 40.Rh8+  1-0

[Event "5th Chennai Open 2013"]
[Site "Chennai IND"]
[Date "2013.01.19"]
[Round "7"]
[White "Karthikeyan,M2"]
[Black "Ramakrishna,J"]
[Result "1-0"]
[WhiteElo "2352"]
[BlackElo "2224"]

1.e4 c5 2.Nf3 e6 3.Nc3 a6 4.d4 cxd4 5.Nxd4 b5 6.Bd3 Bb7 7.O-O d6 8.Qe2 Nd7
9.Bd2 Ngf6 10.b4 Ne5 11.Kh1 d5 12.exd5 Nxd3 13.cxd3 Nxd5 14.Rae1 Be7 15.Ne4 Nxb4
16.Nxe6 fxe6 17.Qh5+ g6 18.Qe5 Kf7 19.Bc3 Rf8 20.Ng5+ Ke8 21.Nxe6 Nxd3 22.Ng7+ Kd7
23.Qe6+ Kc7 24.Ba5+ Kb8 25.Bxd8 Bc5 26.Be7 Bxg2+ 27.Kg1 Bxf1 28.Bxc5 Nxc5
29.Qd6+  1-0

[Event "Frau Bundesliga Div1 2012-13"]
[Site "Germany GER"]
[Date "2013.01.19"]
[Round "6.2"]
[White "Sikorska,A1"]
[Black "Voicu,C"]
[Result "0-1"]
[WhiteElo "2110"]
[BlackElo "2292"]

1.e4 c5 2.Nf3 e6 3.d4 cxd4 4.Nxd4 a6 5.Nc3 Qc7 6.Be3 Bb4 7.Ne2 Nf6 8.a3 Be7
9.g3 Nc6 10.Bg2 d6 11.h3 b5 12.O-O Bb7 13.f4 O-O 14.g4 Rfe8 15.g5 Nd7 16.f5 Bf8
17.g6 hxg6 18.fxg6 fxg6 19.Nf4 Nce5 20.Qe1 Nb6 21.Qg3 Nbc4 22.Bd4 Rad8 23.b3 Nxa3
24.Rxa3 b4 25.Ra4 bxc3 26.Nxg6 Nxg6 27.Qxg6 e5 28.Bxc3 Qd7 29.Ba5 Rc8 30.c4 Re6
31.Qg4 Qe8 32.Ra2 Rg6 33.Qd1 Bxe4 34.Kh2 Rxg2+ 35.Rxg2 Bxg2 36.Kxg2 Qe6 37.Qf3 Be7
38.Re1 Rf8 39.Qd3 Bh4 40.Re2 Qf6 41.Rc2 Kh8 42.Bc7 Qg5+ 43.Kh2 Qf4+ 44.Kg2 Rf5
45.Bxd6 Rg5+ 46.Kh1 Rg3 47.Qe2 Rxh3+ 48.Kg1 Qg3+ 49.Qg2 Qe1+ 50.Qf1 Rh1+  0-1

[Event "TCh-SVK Extraliga 2012-13"]
[Site "Slovakia SVK"]
[Date "2013.01.19"]
[Round "5.6"]
[White "Csiba,D"]
[Black "Schwarz,Du"]
[Result "1-0"]
[WhiteElo "2376"]
[BlackElo "2305"]

1.e4 c5 2.Nf3 e6 3.d4 cxd4 4.Nxd4 a6 5.Nc3 b5 6.Bd3 Qb6 7.Nf3 Nc6 8.O-O Qb8
9.e5 Nge7 10.Bf4 Ng6 11.Bg3 Be7 12.Re1 Bb7 13.h4 Bd8 14.Ne4 Bc7 15.Nd6+ Kf8
16.Be4 Bxd6 17.exd6 Kg8 18.h5 Nf8 19.a4 h6 20.Ne5 Nxe5 21.Bxe5 f6 22.Bc3 Nh7
23.Qd3 b4 24.Bxb4 Ng5 25.Bxb7 Qxb7 26.Bc3 f5 27.f3 Kh7 28.a5 Rhg8 29.Ra4 Rac8
30.Rb4 Qa8 31.Rb6 Rc6 32.Qd4 g6 33.Qf6 gxh5 34.Qe7+ Kg6 35.Qxd7 Rxc3 36.Rxe6+ Nxe6
37.Qxe6+ Kg5 38.Qe7+ Kg6 39.bxc3  1-0

[Event "TCh-SVK Extraliga 2012-13"]
[Site "Slovakia SVK"]
[Date "2013.01.19"]
[Round "5.2"]
[White "Gazik,Viktor"]
[Black "Tauber,Mar"]
[Result "1/2-1/2"]
[WhiteElo "2059"]
[BlackElo "2185"]

1.e4 c5 2.Nf3 a6 3.Nc3 e6 4.d4 cxd4 5.Nxd4 Nc6 6.Nxc6 bxc6 7.Bd3 d5 8.O-O Nf6
9.f4 Be7 10.Qf3 O-O 11.Kh1 Qc7 12.b3 Bb7 13.Qh3 c5 14.e5 Ne4 15.Bb2 g6 16.Bxe4 dxe4
17.Rfe1 c4 18.Rac1 Rac8 19.Nxe4 Bxe4 20.Rxe4 c3 21.Ba1 Ba3 22.Rb1 Bb2 23.Bxb2 cxb2
24.c4 Qa5 25.Rxb2 Rfd8 26.Qf3 Rd2 27.Rxd2 Qxd2 28.Qe2 Rd8 29.Qxd2 Rxd2 30.h3 Rxa2
31.Kh2 Rc2 32.Rd4 a5 33.Rd8+ Kg7 34.Ra8 Rc3 35.Rxa5 Rxb3 36.Ra7 Rc3 37.Rc7 h5
38.Kg1 Rc2 39.c5 h4 40.c6 Rc4 41.Rc8 Rxf4 42.c7  1/2-1/2